Médiá a materiály vo výučbe cudzieho jazyka

Médiá v cudzojazyčnej výučbe. Najdôležitejšie médium - učiteľ. Autentické a neautentické materiály. Využívanie počítača a internetu vo výučbe cudzieho jazyka.

Gespeichert in:
Bibliographische Detailangaben
1. Verfasser: Mrázová, Mária
Format: Buchkapitel
Sprache:Slowakisch
Schlagworte:
Tags: Tag hinzufügen
Keine Tags, Fügen Sie das erste Tag hinzu!

MARC

LEADER 00000nla a2200000 4500
001 0206958
005 20240502073434.3
041 0 |a slo 
044 |a SK 
245 1 0 |a Médiá a materiály vo výučbe cudzieho jazyka  |c Mária Mrázová 
520 |a Médiá v cudzojazyčnej výučbe. Najdôležitejšie médium - učiteľ. Autentické a neautentické materiály. Využívanie počítača a internetu vo výučbe cudzieho jazyka. 
610 2 0 |a jazyky cudzie 
610 2 0 |a vzdelávanie 
610 2 0 |a vyučovanie 
610 2 0 |a médiá 
610 2 0 |a počítače 
610 2 0 |a internet 
100 1 |a Mrázová, Mária